[Event "Reykjavik Kvika op"]
[Site "Reykjavik"]
[Date "2022.04.10"]
[Round "6"]
[White "Sandin, Albin"]
[Black "Heer, Stephan"]
[Result "0-1"]
[WhiteElo "1513"]
[BlackElo "2067"]
[PlyCount "88"]
[EventDate "2022.04.06"]
[EventType "swiss"]
[EventRounds "9"]
[EventCountry "ISL"]
[SourceTitle "CBM 207 Extra"]
[Source "ChessBase"]
[SourceDate "2022.05.31"]
[SourceVersion "1"]
[SourceVersionDate "2022.05.31"]
[SourceQuality "1"]

1. d4 Nf6 2. Nf3 e6 3. c4 c5 4. Nc3 Be7 5. e4 Qa5 6. Bd2 Qd8 7. d5 exd5 8. cxd5 d6 9. h3 a6 10. a4 Nbd7 11. Bf4 0-0 12. a5 Re8 13. Bd3 b5 14. axb6 Qxb6 15. Qc2 Rb8 16. Na4 Qb4+ 17. Nd2 Nh5 18. Bh2 f5 19. 0-0 f4 20. Nc4 Ne5 21. Nxe5 dxe5 22. Qc3 Bd6 23. Qxb4 cxb4 24. Rfc1 f3 25. g4 Nf4 26. Bxf4 exf4 27. Rc6 Be5 28. Rb1 a5 29. Nb6 Bb7 30. Rc2 b3 31. Rcc1 Bd4 32. Na4 Rec8 33. Bc4 Ba8 34. Bd3 Kf8 35. Rc4 Rxc4 36. Bxc4 Rb4 37. Rc1 Ke7 38. Bxb3 Rxb3 39. Nc5 Rxb2 40. Nd3 Rd2 41. Nxf4 Rxf2 42. Rc7+ Kd6 43. Rf7 a4 44. Ne6 Rg2+ 0-1

[Event "Mittelfrank Regionalliga Sud-West 2122"]
[Site "Mittelfranken"]
[Date "2021.10.24"]
[Round "1.6"]
[White "Heer, Stephan"]
[Black "Kapfer, Ulrich"]
[Result "1-0"]
[WhiteElo "1987"]
[BlackElo "1801"]
[PlyCount "51"]
[EventDate "2021.10.24"]
[EventType "team-tourn"]
[EventRounds "9"]
[EventCountry "GER"]
[SourceTitle "EXT 2024"]
[Source "ChessBase"]
[SourceDate "2023.10.10"]
[SourceVersion "1"]
[SourceVersionDate "2023.10.10"]
[SourceQuality "1"]
[WhiteTeam "Haar"]
[BlackTeam "Dillingen"]
[WhiteTeamCountry "GER"]
[BlackTeamCountry "GER"]

1. Nf3 Nf6 2. g3 b6 3. Bg2 Bb7 4. d3 g6 5. 0-0 Bg7 6. e4 d6 7. Re1 0-0 8. Nbd2 Nbd7 9. d4 e5 10. c3 Re8 11. d5 Nh5 12. Nc4 h6 13. Ne3 Kh7 14. Nh4 Bc8 15. Nef5 Bf8 16. f4 exf4 17. gxf4 Nc5 18. b4 Nd3 19. Qxd3 gxf5 20. Qh3 fxe4 21. f5 Qf6 22. Bxe4 Bb7 23. Nf3 Rxe4 24. Rxe4 Bxd5 25. Rd4 Bxf3 26. Qxf3 1-0

[Event "Biel HTO 54th"]
[Site "Biel"]
[Date "2021.08.01"]
[Round "6"]
[White "Schmid, Christoph"]
[Black "Heer, Stephan"]
[Result "1/2-1/2"]
[WhiteElo "2091"]
[BlackElo "2063"]
[PlyCount "126"]
[EventDate "2021.07.26"]
[EventType "swiss"]
[EventRounds "9"]
[EventCountry "SUI"]
[SourceTitle "CBM 203 Extra"]
[Source "ChessBase"]
[SourceDate "2021.09.30"]
[SourceVersion "1"]
[SourceVersionDate "2021.09.30"]
[SourceQuality "1"]

1. d4 Nf6 2. c4 d6 3. Nf3 g6 4. Nc3 Bg7 5. e4 Nbd7 6. Be2 e5 7. Be3 0-0 8. Qc2 Ng4 9. Bg5 f6 10. Bc1 f5 11. dxe5 Ndxe5 12. 0-0 Nxf3+ 13. Bxf3 Ne5 14. Be2 f4 15. f3 g5 16. g4 h5 17. h3 hxg4 18. hxg4 Bxg4 19. fxg4 f3 20. Nd5 Qd7 21. Ne3 fxe2 22. Qxe2 Rf4 23. Rxf4 gxf4 24. Nf5 f3 25. Qf2 Qe6 26. Bf4 Re8 27. Rf1 Qxc4 28. Nxg7 Kxg7 29. Bxe5+ dxe5 30. Qxf3 Qc5+ 31. Kg2 Rf8 32. Qe2 Rxf1 33. Kxf1 Qc1+ 34. Kg2 Qf4 35. Kh3 Qh6+ 36. Kg2 Qf4 37. Kh3 Kg6 38. Qc4 Qf3+ 39. Kh4 Qf2+ 40. Kh3 Qf3+ 41. Kh4 Qf6+ 42. Kg3 Qf4+ 43. Kh3 Qf7 44. Qc3 Qf1+ 45. Kh4 Qf4 46. Kh3 Kg5 47. Qc4 Qxg4+ 48. Kh2 Kh4 49. Qxc7 Qf4+ 50. Kg1 Qxe4 51. Kf2 Qd4+ 52. Kf3 Qd3+ 53. Kf2 Qd2+ 54. Kf3 Qd5+ 55. Ke3 Kg5 56. Qg7+ Kf5 57. Qf8+ Ke6 58. Qg8+ Kd6 59. Qb8+ Kd7 60. Qxa7 Qb5 61. Qa3 Qb6+ 62. Ke2 Qd4 63. Qd3 Kc6 1/2-1/2

[Event "World Corporate East B"]
[Site "Chess.com INT"]
[Date "2021.02.20"]
[Round "5.10"]
[White "Heer, Stephan"]
[Black "Sartayev, Timur"]
[Result "0-1"]
[WhiteElo "2063"]
[BlackElo "1662"]
[PlyCount "112"]
[EventDate "2021.02.19"]
[EventType "team (rapid)"]
[EventRounds "7"]
[EventCountry "USA"]
[SourceTitle "EXT 2022"]
[Source "ChessBase"]
[SourceDate "2021.10.06"]
[SourceVersion "1"]
[SourceVersionDate "2021.10.06"]
[SourceQuality "1"]
[WhiteTeam "Muenchen Europ Patentamt"]
[BlackTeam "Air Astana"]
[WhiteTeamCountry "GER"]
[BlackTeamCountry "KAZ"]

1. Nf3 c5 2. g3 Nc6 3. Bg2 Nf6 4. d3 d5 5. 0-0 h6 6. Nbd2 e5 7. e4 d4 8. a4 Bd6 9. Nc4 0-0 10. h3 Be6 11. b3 Qd7 12. Kh2 Rfe8 13. Ng1 Bf8 14. f4 Rad8 15. f5 Bxc4 16. bxc4 a5 17. g4 Nh7 18. h4 g5 19. f6 Re6 20. hxg5 hxg5 21. Rf5 Bh6 22. Qf3 Qd6 23. Nh3 Rxf6 24. Bd2 Rxf5 25. gxf5 f6 26. Qh5 Bg7 27. Rh1 Qe7 28. Kg3 Qe8 29. Qe2 Nb4 30. Bf3 Qxa4 31. Rc1 b6 32. Bh5 Nxc2 33. Bxg5 Nxg5 34. Nxg5 fxg5 35. Rxc2 Bf6 36. Bg6 Kg7 37. Rb2 Qc6 38. Qf1 Rh8 39. Qb1 Bd8 40. Rh2 Rxh2 41. Kxh2 Qa4 42. Kg3 Qb4 43. Qd1 Qc3 44. Be8 a4 45. Bxa4 Qb2 46. Be8 Qc3 47. Qe2 Kf6 48. Bh5 b5 49. cxb5 c4 50. Bf3 cxd3 51. Qa2 Qe1+ 52. Kg2 g4 53. Qe6+ Kg5 54. Qg6+ Kf4 55. Qxg4+ Ke3 56. Qg5+ Bxg5 0-1

[Event "Munich OIS op 37th"]
[Site "Munich"]
[Date "2017.10.05"]
[Round "6"]
[White "Heer, Stephan"]
[Black "Xiong, Ferdinand"]
[Result "0-1"]
[WhiteElo "2075"]
[BlackElo "2144"]
[PlyCount "80"]
[EventDate "2017.09.30"]
[EventType "swiss"]
[EventRounds "9"]
[EventCountry "GER"]
[SourceTitle "CBM 181 Extra"]
[Source "ChessBase"]
[SourceDate "2017.12.12"]
[SourceVersion "1"]
[SourceVersionDate "2017.12.12"]
[SourceQuality "1"]

1. Nf3 Nf6 2. g3 g6 3. Bg2 Bg7 4. 0-0 0-0 5. d3 c5 6. e4 d6 7. c3 Nc6 8. Re1 e5 9. Nbd2 Rb8 10. d4 cxd4 11. cxd4 exd4 12. Nb3 Qb6 13. Bf4 Rd8 14. Qd2 Nh5 15. Bg5 Re8 16. h3 Be6 17. g4 Bxb3 18. axb3 Nf6 19. Qf4 Re6 20. Nd2 Nd7 21. Qg3 h6 22. Nc4 Qc7 23. Bd2 b5 24. Na3 d3 25. Qxd3 Nc5 26. Qc2 Nd4 27. Qd1 Ncxb3 28. Ra2 Nxd2 29. Qxd2 b4 30. Nb1 b3 31. Ra4 Nc2 32. Rd1 Bxb2 33. Qxh6 a5 34. Qd2 Rb4 35. Rxb4 axb4 36. Qd5 Nd4 37. Bf1 Qc2 38. Rxd4 Bxd4 39. Qxd4 Qxb1 40. Qxb4 b2 0-1

[Event "Regionalliga SW 1617"]
[Site "Bayern"]
[Date "2016.12.04"]
[Round "3.8"]
[White "Heer, Stephan"]
[Black "Maroroa, Sue Yuchan"]
[Result "1-0"]
[WhiteElo "1918"]
[BlackElo "2146"]
[PlyCount "111"]
[EventDate "2016.10.16"]
[EventType "team-tourn"]
[EventRounds "9"]
[EventCountry "GER"]
[SourceTitle "EXT 2019"]
[Source "ChessBase"]
[SourceDate "2018.10.10"]
[SourceVersion "1"]
[SourceVersionDate "2018.10.10"]
[SourceQuality "1"]
[WhiteTeam "Haar"]
[BlackTeam "Muenchen 36 II"]
[WhiteTeamCountry "GER"]
[BlackTeamCountry "GER"]

1. d4 Nf6 2. c4 g6 3. Nc3 Bg7 4. e4 d6 5. f3 0-0 6. Be3 e5 7. Nge2 Nc6 8. Qd2 a6 9. d5 Nb8 10. g4 a5 11. Ng3 Na6 12. h4 Nd7 13. h5 f6 14. hxg6 hxg6 15. g5 Ndc5 16. gxf6 Qxf6 17. Be2 Nb4 18. Qd1 Ncd3+ 19. Bxd3 Qxf3 20. Qxf3 Rxf3 21. Nf1 Nxd3+ 22. Ke2 Rxe3+ 23. Nxe3 Nf4+ 24. Kd2 Bd7 25. Ne2 Nh3 26. Raf1 Rf8 27. Rxf8+ Bxf8 28. Rf1 Bh6 29. Nc3 c6 30. Rf6 Nf4 31. Rxd6 Be8 32. Rd8 Kf7 33. Rb8 b5 34. cxb5 cxb5 35. Ng4 Bg5 36. Nxe5+ Ke7 37. Nf3 Bh6 38. Rb7+ Kd8 39. Rh7 Bf8 40. Nd4 b4 41. Nce2 Bd6 42. Nxf4 Bxf4+ 43. Kd3 Bd7 44. Ne6+ Bxe6 45. dxe6 Be5 46. b3 g5 47. Rd7+ Ke8 48. Ra7 g4 49. Rxa5 Bf4 50. Rf5 Bc7 51. Rf7 Be5 52. Rf5 Bh2 53. Rg5 Ke7 54. Rxg4 Kxe6 55. Rg6+ Ke5 56. Rb6 1-0

[Event "GER-chT Betriebe 16th"]
[Site "Dresden"]
[Date "2016.11.05"]
[Round "4.2"]
[White "Du Maire, Jerome"]
[Black "Heer, Stephan"]
[Result "1/2-1/2"]
[WhiteElo "2170"]
[BlackElo "2134"]
[PlyCount "20"]
[EventDate "2016.11.03"]
[EventType "team-swiss"]
[EventRounds "7"]
[EventCountry "GER"]
[SourceTitle "EXT 2020"]
[Source "ChessBase"]
[SourceDate "2019.10.17"]
[SourceVersion "1"]
[SourceVersionDate "2019.10.17"]
[SourceQuality "1"]
[WhiteTeam "Frankfurt Commerzbank"]
[BlackTeam "Muenchen Europ Patentamt"]
[WhiteTeamCountry "GER"]
[BlackTeamCountry "GER"]

1. d4 c5 2. d5 e5 3. e4 d6 4. Bb5+ Nd7 5. a4 a6 6. Be2 Be7 7. Nf3 Ngf6 8. Nc3 0-0 9. 0-0 Ne8 10. a5 g6 1/2-1/2

[Event "Regionalliga SW 1617"]
[Site "Bayern"]
[Date "2016.10.16"]
[Round "1.8"]
[White "Heer, Stephan"]
[Black "Stadler, Wolfgang"]
[Result "1/2-1/2"]
[WhiteElo "1918"]
[BlackElo "1868"]
[PlyCount "142"]
[EventDate "2016.10.16"]
[EventType "team-tourn"]
[EventRounds "9"]
[EventCountry "GER"]
[SourceTitle "EXT 2019"]
[Source "ChessBase"]
[SourceDate "2018.10.10"]
[SourceVersion "1"]
[SourceVersionDate "2018.10.10"]
[SourceQuality "1"]
[WhiteTeam "Haar"]
[BlackTeam "Muenchen Suedost II"]
[WhiteTeamCountry "GER"]
[BlackTeamCountry "GER"]

1. Nf3 e6 2. g3 Nf6 3. Bg2 d5 4. 0-0 Be7 5. d3 0-0 6. Nbd2 c5 7. e4 Nc6 8. e5 Nd7 9. Re1 Qc7 10. Qe2 b5 11. Nf1 Ba6 12. Bf4 Rac8 13. h4 Rfe8 14. N1h2 Qb6 15. Ng5 h6 16. Qh5 hxg5 17. hxg5 g6 18. Qh3 Qd8 19. Qh4 Ndxe5 20. Rxe5 Nd4 21. Ng4 Nf5 22. Rxf5 exf5 23. Be5 f6 24. Nxf6+ Bxf6 25. Bxf6 Qd7 26. Qh8+ Kf7 27. Qg7+ Ke6 28. Re1+ Kd6 29. Be5+ Kc6 30. Qxg6+ Qe6 31. Qh6 Qxh6 32. gxh6 Re6 33. h7 Re7 34. Bh3 Rxh7 35. Bxf5 Re7 36. Bxc8 Bxc8 37. f4 Rh7 38. Re2 d4 39. Bf6 Rf7 40. Be7 c4 41. dxc4 bxc4 42. Bb4 d3 43. cxd3 cxd3 44. Rh2 Bg4 45. Rd2 Bf5 46. Kf2 Kd5 47. Ke3 Rh7 48. Rxd3+ Bxd3 49. Kxd3 Rh3 50. Be1 Rh2 51. Bc3 Rh3 52. f5 Rxg3+ 53. Kc2 Rf3 54. f6 a6 55. Kb3 Rf4 56. a4 Kc6 57. Ka3 Kd5 58. Kb3 Kc6 59. Kc2 Kd5 60. Kd3 Rxa4 61. Ke3 Ke6 62. b4 Ra2 63. Kd3 Rh2 64. Kc4 Rh5 65. Bd4 Rb5 66. Bc3 Kf7 67. Kd3 Ke6 68. Ke4 Rg5 69. Bd4 Rb5 70. Bc3 Rh5 71. Bd4 Rb5 1/2-1/2

[Event "GER-chT Betriebe 15th"]
[Site "Munich"]
[Date "2015.10.25"]
[Round "7.4"]
[White "Sindern, Christoph"]
[Black "Heer, Stephan"]
[Result "0-1"]
[WhiteElo "1569"]
[BlackElo "2127"]
[PlyCount "28"]
[EventDate "2015.10.22"]
[EventType "team-swiss"]
[EventRounds "7"]
[EventCountry "GER"]
[SourceTitle "EXT 2020"]
[Source "ChessBase"]
[SourceDate "2019.10.17"]
[SourceVersion "1"]
[SourceVersionDate "2019.10.17"]
[SourceQuality "1"]
[WhiteTeam "Muenchen Flughafen"]
[BlackTeam "Muenchen EPA"]
[WhiteTeamCountry "GER"]
[BlackTeamCountry "GER"]

1. d4 c5 2. d5 e5 3. e4 d6 4. Nc3 Be7 5. Nge2 Bg5 6. Ng3 Nh6 7. Be2 0-0 8. 0-0 a6 9. f4 exf4 10. Bxf4 Bxf4 11. Rxf4 b5 12. a3 Nd7 13. Qd2 Ne5 14. Raf1 Rb8 0-1

[Event "GER-chT Betriebe 15th"]
[Site "Munich"]
[Date "2015.10.23"]
[Round "6.4"]
[White "Heer, Stephan"]
[Black "Schreiter, Thomas"]
[Result "1-0"]
[WhiteElo "2127"]
[BlackElo "2043"]
[PlyCount "98"]
[EventDate "2015.10.22"]
[EventType "team-swiss"]
[EventRounds "7"]
[EventCountry "GER"]
[SourceTitle "EXT 2020"]
[Source "ChessBase"]
[SourceDate "2019.10.17"]
[SourceVersion "1"]
[SourceVersionDate "2019.10.17"]
[SourceQuality "1"]
[WhiteTeam "Muenchen EPA"]
[BlackTeam "Leipzig Publishing Services"]
[WhiteTeamCountry "GER"]
[BlackTeamCountry "GER"]

1. Nf3 Nf6 2. g3 d5 3. Bg2 c6 4. d3 Bf5 5. 0-0 h6 6. Nbd2 e6 7. c4 Nbd7 8. cxd5 exd5 9. e4 dxe4 10. dxe4 Bg4 11. Re1 Ne5 12. Qb3 Nd3 13. Re3 Nc5 14. Qc2 Be7 15. h3 Bh5 16. Nb3 Ne6 17. Bd2 0-0 18. Ne5 Qc7 19. Bc3 Nc5 20. g4 Nxb3 21. Qxb3 Bd6 22. Nd3 Nxg4 23. hxg4 Bxg4 24. e5 Be7 25. Rg3 Be6 26. Qd1 Bh4 27. Re3 Rfd8 28. Qa4 Bg5 29. Rg3 Bf5 30. Nc5 Qe7 31. Ne4 b5 32. Qb4 Qxb4 33. Bxb4 Bxe4 34. Bxe4 Bf4 35. Bxc6 Bxg3 36. Bxa8 Bxe5 37. Bc6 Bxb2 38. Rb1 Be5 39. Bxb5 Rd4 40. Bc5 Rg4+ 41. Kf1 a6 42. Bd7 Rc4 43. Bb6 h5 44. Re1 Bd6 45. Re8+ Kh7 46. Ra8 g5 47. Rxa6 g4 48. Be3 Bf4 49. Ra4 Rc7 1-0

[Event "Gibraltar Masters 13th"]
[Site "Caleta"]
[Date "2015.02.04"]
[Round "9"]
[White "Zwahr, Paul"]
[Black "Heer, Stephan"]
[Result "1-0"]
[WhiteElo "2354"]
[BlackElo "2157"]
[PlyCount "65"]
[EventDate "2015.01.27"]
[EventType "swiss"]
[EventRounds "10"]
[EventCountry "GGB"]
[SourceTitle "CBM 165"]
[Source "ChessBase"]
[SourceDate "2015.03.11"]
[SourceVersion "1"]
[SourceVersionDate "2015.03.11"]
[SourceQuality "1"]

1. e4 g6 2. d4 Bg7 3. Nc3 d6 4. f4 a6 5. Nf3 b5 6. Bd3 Nd7 7. e5 Bb7 8. Be4 Bxe4 9. Nxe4 d5 10. Nf2 e6 11. Be3 h5 12. g3 Nh6 13. Nd3 Bf8 14. Qd2 Nf5 15. Bf2 c6 16. h3 Be7 17. 0-0-0 a5 18. g4 Ng7 19. Qe1 Qb6 20. Bh4 Bxh4 21. Qxh4 b4 22. Kb1 a4 23. Qf2 Qb5 24. Nh4 b3 25. cxb3 axb3 26. a3 Ra4 27. Nc1 c5 28. f5 exf5 29. gxf5 g5 30. Nf3 Nxf5 31. Nxg5 Nh6 32. e6 fxe6 33. Nxe6 1-0

[Event "Gibraltar Masters 13th"]
[Site "Caleta"]
[Date "2015.01.31"]
[Round "5"]
[White "Houska, Jovanka"]
[Black "Heer, Stephan"]
[Result "1-0"]
[WhiteElo "2388"]
[BlackElo "2157"]
[PlyCount "41"]
[EventDate "2015.01.27"]
[EventType "swiss"]
[EventRounds "10"]
[EventCountry "GGB"]
[SourceTitle "CBM 165"]
[Source "ChessBase"]
[SourceDate "2015.03.11"]
[SourceVersion "1"]
[SourceVersionDate "2015.03.11"]
[SourceQuality "1"]

1. d4 Nf6 2. Nf3 e6 3. c4 c5 4. d5 exd5 5. cxd5 d6 6. Nc3 g6 7. h3 Bg7 8. e4 0-0 9. Bd3 Re8 10. 0-0 a6 11. a4 Nbd7 12. Bf4 c4 13. Bc2 Nc5 14. Nd2 Nh5 15. Bh2 Qg5 16. f4 Bd4+ 17. Kh1 Ng3+ 18. Bxg3 Qxg3 19. Ne2 Qh4 20. Nf3 Qe7 21. Nexd4 1-0

[Event "Gibraltar Masters 13th"]
[Site "Caleta"]
[Date "2015.01.29"]
[Round "3"]
[White "Melia, Salome"]
[Black "Heer, Stephan"]
[Result "1-0"]
[WhiteElo "2473"]
[BlackElo "2157"]
[PlyCount "61"]
[EventDate "2015.01.27"]
[EventType "swiss"]
[EventRounds "10"]
[EventCountry "GGB"]
[SourceTitle "CBM 165"]
[Source "ChessBase"]
[SourceDate "2015.03.11"]
[SourceVersion "1"]
[SourceVersionDate "2015.03.11"]
[SourceQuality "1"]

1. e4 g6 2. d4 Bg7 3. Nf3 d6 4. Nc3 a6 5. Be2 b5 6. 0-0 Bb7 7. e5 Nd7 8. e6 fxe6 9. Ng5 Nf8 10. Bg4 b4 11. Bxe6 Nxe6 12. Nxe6 Qd7 13. Nxg7+ Kf7 14. Ne2 Kxg7 15. Nf4 Nf6 16. Re1 e5 17. dxe5 dxe5 18. Qxd7+ Nxd7 19. Rd1 Nf6 20. Nd3 e4 21. Nc5 Bd5 22. Bf4 c6 23. Rd4 a5 24. c4 bxc3 25. bxc3 Rae8 26. c4 Bf7 27. Bg5 Ng8 28. Nxe4 h6 29. Bd2 c5 30. Nxc5 Rc8 31. Nb7 1-0

[Event "Gibraltar Masters 13th"]
[Site "Caleta"]
[Date "2015.01.27"]
[Round "1"]
[White "Roiz, Michael"]
[Black "Heer, Stephan"]
[Result "1-0"]
[WhiteElo "2592"]
[BlackElo "2157"]
[PlyCount "45"]
[EventDate "2015.01.27"]
[EventType "swiss"]
[EventRounds "10"]
[EventCountry "GGB"]
[SourceTitle "CBM 165"]
[Source "ChessBase"]
[SourceDate "2015.03.11"]
[SourceVersion "1"]
[SourceVersionDate "2015.03.11"]
[SourceQuality "1"]

1. c4 e5 2. Nc3 Nf6 3. Nf3 Nc6 4. a3 h6 5. d3 a5 6. g3 Bc5 7. Bg2 0-0 8. 0-0 Re8 9. e3 d5 10. cxd5 Nxd5 11. Nxd5 Qxd5 12. d4 Bg4 13. h3 Bxf3 14. Bxf3 e4 15. dxc5 Qxc5 16. Bg2 Rad8 17. Qe2 f5 18. b4 axb4 19. axb4 Qxb4 20. Qa2+ Kh7 21. Rb1 Qa5 22. Qxa5 Nxa5 23. Rb5 1-0

[Event "Basel op"]
[Site "Basel"]
[Date "2015.01.05"]
[Round "7"]
[White "Faraone, Ettore"]
[Black "Heer, Stephan"]
[Result "1-0"]
[WhiteElo "2051"]
[BlackElo "2157"]
[PlyCount "119"]
[EventDate "2015.01.01"]
[EventType "swiss"]
[EventRounds "7"]
[EventCountry "SUI"]
[SourceTitle "CBM 164 Extra"]
[Source "ChessBase"]
[SourceDate "2015.03.02"]
[SourceVersion "1"]
[SourceVersionDate "2015.03.02"]
[SourceQuality "1"]

1. e4 g6 2. d4 Bg7 3. Nc3 d6 4. Be3 a6 5. Be2 b5 6. a3 Bb7 7. Qd2 Nd7 8. f3 Nb6 9. b3 e6 10. Rd1 Qe7 11. Kf2 Nf6 12. Nh3 h6 13. Rhe1 Nfd7 14. Nb1 d5 15. e5 0-0 16. Kg1 Kh7 17. Bd3 c5 18. Qf2 c4 19. Bf1 a5 20. Nf4 Rfc8 21. Qg3 b4 22. Bc1 a4 23. axb4 axb3 24. cxb3 c3 25. Bd3 c2 26. Nxg6 fxg6 27. Qxg6+ Kg8 28. Qh7+ Kf8 29. Bxc2 Ra2 30. Bg6 Qh4 31. Rf1 Rxc1 32. Rxc1 Qxd4+ 33. Kh1 Qxe5 34. Bc2 d4 35. Rce1 Qg5 36. Rxe6 Bd5 37. Rg6 Qe5 38. f4 Qe7 39. Rg3 Nf6 40. Qg6 Be4 41. Bxe4 Nxe4 42. Qxb6 Nxg3+ 43. hxg3 Qe4 44. Qc5+ Kg8 45. Rg1 Ra1 46. Qc1 Qg6 47. Re1 d3 48. Qe3 Qh5+ 49. Kg1 Qd5 50. Qe8+ Kh7 51. Nd2 Qd4+ 52. Kf1 Rxe1+ 53. Qxe1 Qc3 54. Kf2 Bd4+ 55. Kf3 Kg7 56. g4 Qxb4 57. Qc1 Bc3 58. Ne4 Bd4 59. Qc7+ Kg8 60. Qc4+ 1-0

[Event "Basel op"]
[Site "Basel"]
[Date "2015.01.04"]
[Round "6"]
[White "Heer, Stephan"]
[Black "Haenggi, Markus"]
[Result "0-1"]
[WhiteElo "2157"]
[BlackElo "2046"]
[PlyCount "54"]
[EventDate "2015.01.01"]
[EventType "swiss"]
[EventRounds "7"]
[EventCountry "SUI"]
[SourceTitle "CBM 164 Extra"]
[Source "ChessBase"]
[SourceDate "2015.03.02"]
[SourceVersion "1"]
[SourceVersionDate "2015.03.02"]
[SourceQuality "1"]

1. Nf3 d5 2. g3 c5 3. Bg2 Nc6 4. 0-0 Nf6 5. d3 e6 6. Nbd2 Be7 7. e4 dxe4 8. dxe4 e5 9. c3 0-0 10. Nh4 Qd3 11. Re1 Bg4 12. f3 Be6 13. Bf1 Qd7 14. Ng2 Rfd8 15. Qe2 a6 16. Nc4 Qc7 17. Nce3 b5 18. Nf5 Bxf5 19. exf5 c4 20. g4 Nd5 21. Qe4 Bc5+ 22. Kh1 Nf6 23. Qe2 e4 24. f4 h5 25. h3 Rd3 26. Kh2 hxg4 27. hxg4 Rf3 0-1

[Event "Basel op"]
[Site "Basel"]
[Date "2015.01.02"]
[Round "3"]
[White "Patuzzo, Fabrizio"]
[Black "Heer, Stephan"]
[Result "1/2-1/2"]
[WhiteElo "2327"]
[BlackElo "2157"]
[PlyCount "95"]
[EventDate "2015.01.01"]
[EventType "swiss"]
[EventRounds "7"]
[EventCountry "SUI"]
[SourceTitle "CBM 164 Extra"]
[Source "ChessBase"]
[SourceDate "2015.03.02"]
[SourceVersion "1"]
[SourceVersionDate "2015.03.02"]
[SourceQuality "1"]

1. Nf3 g6 2. c4 Bg7 3. g3 c5 4. Bg2 Nc6 5. Nc3 e5 6. 0-0 Nge7 7. d3 0-0 8. Ne1 d6 9. Nc2 Be6 10. Rb1 d5 11. cxd5 Nxd5 12. Ne3 Nde7 13. a3 Qd7 14. Ne4 b6 15. Ng5 Rac8 16. Nxe6 Qxe6 17. b4 Nd4 18. Bd2 cxb4 19. Bxb4 Rfd8 20. Nc4 e4 21. Re1 Nd5 22. Bd2 b5 23. Ne3 Nxe3 24. fxe3 Nc2 25. Bxe4 Nxe1 26. Qxe1 a6 27. Ba5 Re8 28. Bd2 Bh6 29. Kg2 f5 30. Bf3 Bxe3 31. Bc3 Rcd8 32. Qd1 Bd4 33. Bd2 Bf6 34. a4 bxa4 35. Qxa4 g5 36. h3 Rd4 37. Rb4 Red8 38. Qa5 g4 39. hxg4 fxg4 40. Be4 Rxb4 41. Bxb4 Rd7 42. Qh5 Kh8 43. Qc5 Rf7 44. Bd2 Bg7 45. Be3 Rf8 46. Qh5 h6 47. Qa5 Qf6 48. Bf4 1/2-1/2

[Event "Basel op"]
[Site "Basel"]
[Date "2015.01.01"]
[Round "1"]
[White "Svane, Rasmus"]
[Black "Heer, Stephan"]
[Result "1-0"]
[WhiteElo "2496"]
[BlackElo "2157"]
[PlyCount "66"]
[EventDate "2015.01.01"]
[EventType "swiss"]
[EventRounds "7"]
[EventCountry "SUI"]
[SourceTitle "CBM 164 Extra"]
[Source "ChessBase"]
[SourceDate "2015.03.02"]
[SourceVersion "1"]
[SourceVersionDate "2015.03.02"]
[SourceQuality "1"]

1. d4 Nf6 2. c4 e6 3. Nc3 c5 4. d5 exd5 5. cxd5 d6 6. Nf3 g6 7. Bf4 a6 8. a4 Qe7 9. e3 Bg7 10. Be2 0-0 11. Nd2 Nbd7 12. Nc4 Ne8 13. h3 g5 14. Bh2 f5 15. 0-0 Ne5 16. Nb6 Rb8 17. Qd2 f4 18. Nxc8 Rxc8 19. exf4 gxf4 20. Bxf4 Ng6 21. Bg5 Bf6 22. Be3 Ng7 23. Rae1 Nf5 24. Bg4 Be5 25. Bh6 Rf7 26. f4 Bd4+ 27. Kh2 Qh4 28. Bg5 Qg3+ 29. Kh1 Be3 30. Qc2 Rcf8 31. Bxf5 Bxf4 32. Bxf4 Nxf4 33. Ne4 Qd3 1-0

[Event "GER-chT Betriebe 14th"]
[Site "Dresden"]
[Date "2014.11.21"]
[Round "3.3"]
[White "Heer, Stephan"]
[Black "Hoffmann, Frank"]
[Result "1-0"]
[WhiteElo "2134"]
[BlackElo "1468"]
[PlyCount "45"]
[EventDate "2014.11.20"]
[EventType "team-swiss"]
[EventRounds "7"]
[EventCountry "GER"]
[SourceTitle "EXT 2020"]
[Source "ChessBase"]
[SourceDate "2019.10.17"]
[SourceVersion "1"]
[SourceVersionDate "2019.10.17"]
[SourceQuality "1"]
[WhiteTeam "Muenchen EPA"]
[BlackTeam "Frankfurt AGI"]
[WhiteTeamCountry "GER"]
[BlackTeamCountry "GER"]

1. d4 Nf6 2. c4 g6 3. Nc3 Bg7 4. e4 d6 5. f3 0-0 6. Be3 c6 7. Qd2 Na6 8. Bd3 Nc7 9. Nge2 e5 10. d5 c5 11. g4 Bd7 12. h4 h5 13. Bg5 Qc8 14. gxh5 Nxh5 15. Be7 Ne8 16. Bxf8 Kxf8 17. 0-0-0 Nef6 18. Rdf1 Qd8 19. Kb1 a6 20. Qg5 Qe8 21. f4 Ng4 22. f5 Bh6 23. Qxg4 1-0

[Event "Bayern-chI Bank Hofmann 18th"]
[Site "Bad Wiessee"]
[Date "2014.10.26"]
[Round "2"]
[White "Heer, Stephan"]
[Black "Mons, Leon"]
[Result "0-1"]
[WhiteElo "2091"]
[BlackElo "2442"]
[PlyCount "94"]
[EventDate "2014.10.25"]
[EventType "swiss"]
[EventRounds "9"]
[EventCountry "GER"]
[SourceTitle "EXT 2015"]
[Source "ChessBase"]
[SourceDate "2014.11.20"]
[SourceVersion "1"]
[SourceVersionDate "2014.11.20"]
[SourceQuality "1"]

1. Nf3 Nf6 2. g3 d5 3. Bg2 c6 4. 0-0 Bg4 5. d3 Nbd7 6. Nbd2 e5 7. e4 dxe4 8. dxe4 Bc5 9. Qe2 0-0 10. h3 Bh5 11. c3 a5 12. a4 Re8 13. Re1 Qc7 14. Nf1 Rad8 15. Qc2 Bf8 16. g4 Bg6 17. Nh4 Nc5 18. Nxg6 hxg6 19. Be3 Ne6 20. Rad1 Bc5 21. Rxd8 Rxd8 22. Rd1 Ra8 23. Rd2 g5 24. Qd1 g6 25. Qe2 Kg7 26. Qc4 Bxe3 27. fxe3 Qb6 28. Kh2 Qc5 29. Qe2 b5 30. axb5 cxb5 31. Ng3 Rb8 32. Qf3 b4 33. Rf2 Qe7 34. Ne2 Nc5 35. cxb4 Ncxe4 36. bxa5 Nxf2 37. Qxf2 Rxb2 38. Qe1 e4 39. Ng3 Qa3 40. Nf1 Qa2 41. Qg3 Qxa5 42. Kg1 Re2 43. Kh1 Qe1 44. Qxe1 Rxe1 45. Kg1 Re2 46. Ng3 Rxe3 47. Kf2 Ra3 0-1

[Event "Regionalliga SW 1415"]
[Site "Bayern"]
[Date "2014.10.19"]
[Round "1.6"]
[White "Bonacci, Mauro"]
[Black "Heer, Stephan"]
[Result "0-1"]
[WhiteElo "2067"]
[BlackElo "2007"]
[PlyCount "44"]
[EventDate "2014.10.19"]
[EventType "team-tourn"]
[EventRounds "9"]
[EventCountry "GER"]
[SourceTitle "EXT 2018"]
[Source "ChessBase"]
[SourceDate "2017.10.13"]
[SourceVersion "1"]
[SourceVersionDate "2017.10.13"]
[SourceQuality "1"]
[WhiteTeam "MSA Zugzwang II"]
[BlackTeam "Haar"]
[WhiteTeamCountry "GER"]
[BlackTeamCountry "GER"]

1. e4 g6 2. d4 Bg7 3. Nc3 d6 4. Be3 a6 5. Qd2 b5 6. f3 Nd7 7. h4 h6 8. h5 g5 9. g4 Bb7 10. Nge2 e6 11. Ng3 Ne7 12. Be2 c5 13. Rd1 Qc7 14. Kf2 cxd4 15. Bxd4 Ne5 16. Be3 Rd8 17. f4 gxf4 18. Bxf4 d5 19. exd5 Nxd5 20. Nxd5 Rxd5 21. Qe3 Qxc2 22. Rxd5 Nxg4+ 0-1